Membres des Grands Corsaires de One Piece par images - Statistiques

Statistiques générales
  • Ce quiz a été pris 49 fois
  • Le résultat moyen est 10 sur 12
Statistiques - réponses
Par images Hint Réponse % Correct
Membres lors de la dissolution Baggy
100%
Exclusion antérieure Don Quichotte Doflamingo
100%
Exclusion antérieure Crocodile
97%
Démission Marshall D. Teach
97%
Exclusion antérieure Trafalgar Law
97%
Démission Jinbe
95%
Membres lors de la dissolution Bartholomew Kuma
92%
Membres lors de la dissolution Boa Hancock
92%
Membres lors de la dissolution Dracule Mihawk
92%
Exclusion antérieure Gecko Moria
87%
Membres lors de la dissolution Edward Weevil
53%
Exclusion antérieure Hanafuda
24%
Aucun quiz correspondant
Distribution des résultats
% des personnes avec chaque résultat
Percentile par nombre de réponses
Votre historique - résultats
Vous n’avez pas pris ce quiz